Statistics for Chinese Cities by Districts 中国市辖区

Click here to take the quiz!

General Stats

  • This quiz has been taken 1 508 times
  • The average score is 17 of 20

Answer Stats

DistrictCity% Correct
Chaoyang, Haidian, Fengtai朝阳, 海淀, 丰台北京Beijing
100%
Huangpu, Jing'an, Pudong黄浦, 静安, 浦东新区上海Shanghai
99%
Heping, Nankai, Binhai和平, 南开, 滨海新区天津Tianjin
97%
Yuexiu, Liwan, Tianhe越秀, 荔湾, 天河广州Guangzhou
96%
Wuchang, Jianghan, Hanyang武昌, 江汉, 汉阳武汉Wuhan
96%
Yuzhong, Jiangbei, Jiulongpo渝中, 江北, 九龙坡重庆Chongqing
95%
Shangcheng, Binjiang, Xihu上城, 滨江, 西湖杭州Hangzhou
95%
Luohu, Futian, Nanshan罗湖, 福田, 南山深圳Shenzhen
94%
Central and Western, Wan Chai, Yau Tsim Mong中西, 湾仔, 油尖旺香港Hong Kong
93%
Xuanwu, Qinhuai, Yuhuatai玄武, 秦淮, 雨花台南京Nanjing
92%
Qingyang, Jinjiang, Jinniu青羊, 锦江, 金牛成都Chengdu
88%
Huli, Siming, Jimei湖里, 思明, 集美厦门Xiamen
85%
Erqi, Zhongyuan, Jinshui二七, 中原, 金水郑州Zhengzhou
84%
Tianshan, Saybagh, Shuimogou天山, 沙依巴克, 水磨沟乌鲁木齐Ürümqi
78%
Furong, Tianxin, Yuhua芙蓉, 天心, 雨花长沙Changsha
77%
Xincheng, Beilin, Lianhu新城, 碑林, 莲湖西安Xi'an
69%
Nangang, Daoli, Daowai南岗, 道里, 道外哈尔滨Harbin
60%
Chengguan, Qilihe, Anning城关, 七里河, 安宁兰州Lanzhou
57%
Panlong, Wuhua, Guandu盘龙, 五华, 官渡昆明Kunming
53%
Xigang, Zhongshan, Shahekou西岗, 中山, 沙河口大连Dalian
48%

Score Distribution

Percentile by Number Answered

Percent of People with Each Score

Your Score History

You have not taken this quiz